[Event "VIII Festival A"]
[Site "Robecchetto con Induno ITA"]
[Date "1996.06.??"]
[Round "4"]
[White "Sgnaolin, Davide"]
[Black "Montaruli, Roberto"]
[Result "1-0"]
[WhiteElo "1931"]
[BlackElo "1612"]
[PlyCount "49"]
[EventDate "1996.06.24"]

1. e4 c5 2. Nf3 d6 3. Nc3 Nf6 4. d4 cxd4 5. Nxd4 a6 6. g3 e5 7. Nde2 Nc6 8. Bg2
Be7 9. O-O Bg4 10. h3 Bh5 11. g4 Bg6 12. Ng3 h5 13. g5 Nd7 14. h4 f6 15. Nd5
Bf8 16. Bf3 Nd4 17. Bxh5 Bxh5 18. Nxh5 Rc8 19. Qg4 Rxc2 20. Be3 Be7 21. Bxd4
exd4 22. Nxg7+ Kf7 23. Ne6 Qc8 24. g6+ Ke8 25. g7 1-0

[Event "VIII Festival A"]
[Site "Robecchetto con Induno ITA"]
[Date "1996.06.??"]
[Round "4"]
[White "Tomasini, Giovanni"]
[Black "Vujovic, Milorad"]
[Result "1-0"]
[WhiteElo "2011"]
[BlackElo "2345"]
[PlyCount "99"]
[EventDate "1996.06.24"]

1. e4 c5 2. Nf3 a6 3. d4 cxd4 4. c3 dxc3 5. Nxc3 e6 6. Bc4 Nc6 7. O-O d6 8. Qe2
Nge7 9. Rd1 Ng6 10. Be3 Be7 11. Na4 O-O 12. Nb6 Rb8 13. a4 Bd7 14. Qd2 Nce5 15.
Nxe5 Nxe5 16. Be2 Bc6 17. f3 Nd7 18. Nc4 d5 19. Na5 Nc5 20. b4 Bxa4 21. Rdb1
dxe4 22. Qxd8 Rfxd8 23. bxc5 exf3 24. Bxf3 Rd3 25. Bf2 Bb5 26. Bxb7 Bf6 27. Ra2
Rbd8 28. Bf3 Rc3 29. Nb7 Rd7 30. Nd6 Bd3 31. Rb8+ Rd8 32. Rxd8+ Bxd8 33. Ra1
Bf6 34. Rd1 Bc2 35. Rc1 Bg5 36. Ne4 Bxc1 37. Nxc3 Kf8 38. c6 Ke8 39. Bb6 Bf4
40. Be2 e5 41. c7 Bf5 42. Bxa6 e4 43. c8=Q+ Bxc8 44. Bxc8 e3 45. Ne2 Bh6 46.
Ba6 f5 47. g3 Ke7 48. Kg2 Ke6 49. Kf3 g5 50. Bc8+ 1-0

[Event "VIII Festival A"]
[Site "Robecchetto con Induno ITA"]
[Date "1996.06.??"]
[Round "5"]
[White "Attorre, Michele"]
[Black "Quagliarella, Sabino Remo"]
[Result "1-0"]
[WhiteElo "2010"]
[BlackElo "1730"]
[PlyCount "107"]
[EventDate "1996.06.24"]

1. d4 Nf6 2. Nf3 g6 3. Bf4 Bg7 4. e3 O-O 5. Bd3 d6 6. Nbd2 c6 7. O-O a5 8. Re1
Na6 9. c3 Nc7 10. h3 a4 11. e4 Ne6 12. Bh2 Bh6 13. e5 Nd5 14. exd6 exd6 15. Ne4
Ndf4 16. Bf1 d5 17. Bxf4 Bxf4 18. Ng3 Bxg3 19. fxg3 Qc7 20. Kh2 Ng7 21. Ne5 f6
22. Nd3 Nh5 23. Qf3 Bf5 24. Nf4 Ng7 25. Bd3 Rae8 26. Bxf5 gxf5 27. Nh5 Nxh5 28.
Qxh5 Qd7 29. Rf1 Re3 30. Rxf5 Qg7 31. Qh4 Qg6 32. Raf1 Kg7 33. R5f4 Re4 34.
R1f2 Rxf4 35. Rxf4 h5 36. g4 Qh6 37. gxh5 f5 38. Qe7+ Rf7 39. Qe5+ Qf6 40. Rxf5
Qxe5+ 41. Rxe5 Kh6 42. Kg3 Rg7+ 43. Kf3 Rf7+ 44. Ke3 Rf1 45. g4 Rh1 46. Re6+
Kg5 47. Rg6+ Kh4 48. h6 Kg3 49. Rg5 Re1+ 50. Kd2 Re7 51. Rg7 Re6 52. g5 Kf3 53.
Rf7+ Kg3 54. h7 1-0

[Event "VIII Festival A"]
[Site "Robecchetto con Induno ITA"]
[Date "1996.06.??"]
[Round "5"]
[White "Carbone, Lorenzo"]
[Black "Aglietti, Graziano"]
[Result "1-0"]
[WhiteElo "1692"]
[BlackElo "1755"]
[PlyCount "95"]
[EventDate "1996.06.24"]

1. e4 c5 2. Nf3 Nc6 3. d4 cxd4 4. Nxd4 Nf6 5. Nc3 g6 6. Be3 Bg7 7. Be2 O-O 8.
O-O d5 9. exd5 Nxd5 10. Nxd5 Qxd5 11. Bf3 Qc4 12. Nxc6 bxc6 13. c3 Ba6 14. Re1
Rfd8 15. Qc2 Qb5 16. Rad1 Rxd1 17. Rxd1 Qc4 18. Qb3 Qb5 19. Qxb5 Bxb5 20. Rd7
a5 21. Rxe7 Bf6 22. Rd7 Re8 23. h3 a4 24. Rd6 Be5 25. Rd2 a3 26. bxa3 Bxc3 27.
Rc2 Be5 28. Bxc6 Bxc6 29. Rxc6 Ra8 30. Bc5 Bb2 31. Rc7 Bxa3 32. Ra7 Rxa7 33.
Bxa7 f5 34. Kf1 Kf7 35. Ke2 Ke6 36. Kd3 Kd5 37. Kc3 g5 38. Kb3 Bd6 39. a4 h5
40. a5 Kc6 41. Kc4 h4 42. f3 Kb7 43. Kd5 Bf4 44. Bb6 Bd2 45. Ke5 Ka6 46. Kxf5
Bf4 47. Bd8 Bg3 48. Kxg5 1-0

[Event "VIII Festival A"]
[Site "Robecchetto con Induno ITA"]
[Date "1996.06.??"]
[Round "5"]
[White "Delanoy, Arnaud"]
[Black "Lanzani, Mario"]
[Result "1/2-1/2"]
[WhiteElo "2150"]
[BlackElo "2320"]
[PlyCount "54"]
[EventDate "1996.06.24"]

1. e4 e6 2. d4 d5 3. exd5 exd5 4. Nf3 Nf6 5. Bd3 c5 6. O-O c4 7. Re1+ Be7 8.
Bf1 O-O 9. b3 cxb3 10. axb3 Nc6 11. Bg5 h6 12. Bh4 g5 13. Bg3 Ne4 14. Ne5 Nxg3
15. hxg3 Bf5 16. Nxc6 bxc6 17. Bd3 Bxd3 18. Qxd3 Bf6 19. Nd2 Qb6 20. Nf3 Rfe8
21. Ne5 Bxe5 22. Rxe5 Rxe5 23. dxe5 Re8 24. Re1 Qa5 25. c3 Qb5 26. Qxb5 cxb5
27. Ra1 Rxe5 1/2-1/2

[Event "VIII Festival A"]
[Site "Robecchetto con Induno ITA"]
[Date "1996.06.??"]
[Round "5"]
[White "Giretti Kanev, Jasen"]
[Black "Loda', Domenico"]
[Result "1-0"]
[WhiteElo "2220"]
[BlackElo "1632"]
[PlyCount "145"]
[EventDate "1996.06.24"]

1. Nf3 Nf6 2. c4 d6 3. d4 c6 4. Nc3 Bf5 5. Bg5 Ne4 6. Nxe4 Bxe4 7. Qb3 Qc7 8.
Nd2 Bg6 9. e4 e5 10. Be3 Be7 11. h4 h5 12. f4 exf4 13. Bxf4 Qb6 14. Qc3 Nd7 15.
b4 Qd8 16. g3 Nf6 17. Bg2 Ng4 18. O-O O-O 19. Rae1 Re8 20. c5 Rc8 21. cxd6 Bxd6
22. e5 Be7 23. Be4 Bxe4 24. Nxe4 Qd5 25. a3 Rcd8 26. Nd6 Bxd6 27. exd6 Rxe1 28.
Rxe1 Qa2 29. Qf3 Qh2+ 30. Kf1 Qh3+ 31. Qg2 Qxg2+ 32. Kxg2 Nf6 33. Re7 Nd7 34.
Kf3 b6 35. Ke4 g6 36. Bg5 f5+ 37. Kd3 a6 38. d5 c5 39. Re6 Rc8 40. Rxg6+ Kf7
41. Re6 Re8 42. Re7+ Rxe7 43. dxe7 Ne5+ 44. Ke3 Nc4+ 45. Kf4 cxb4 46. axb4 a5
47. bxa5 bxa5 48. Kxf5 a4 49. e8=Q+ Kxe8 50. Ke6 a3 51. d6 Nb6 52. Bc1 a2 53.
Bb2 Nd7 54. Bd4 Nf8+ 55. Kf6 Kd7 56. Be5 Kc6 57. Kg5 Kd5 58. Bb2 Kxd6 59. Kxh5
Ke6 60. g4 Kf7 61. Kh6 Kg8 62. h5 Ne6 63. g5 Nf4 64. g6 Ne6 65. Be5 Nd8 66. Kg5
Ne6+ 67. Kf6 Nf8 68. Bb2 Nd7+ 69. Kg5 Nf8 70. h6 Ne6+ 71. Kf6 Nf8 72. Kf5 Nxg6
73. Kxg6 1-0

[Event "VIII Festival A"]
[Site "Robecchetto con Induno ITA"]
[Date "1996.06.??"]
[Round "5"]
[White "Larghi, Riccardo"]
[Black "Gandolfo, Marco"]
[Result "0-1"]
[WhiteElo "1740"]
[BlackElo "1961"]
[PlyCount "98"]
[EventDate "1996.06.24"]

1. e4 g6 2. d4 c6 3. Nc3 d5 4. h3 Bg7 5. e5 Nh6 6. Bf4 f6 7. Qd2 Nf7 8. Nf3 O-O
9. Bd3 fxe5 10. Bxe5 Nxe5 11. Nxe5 Qd6 12. f4 b5 13. Ne2 Bf5 14. Bxf5 gxf5 15.
O-O-O Nd7 16. g4 Nf6 17. Ng3 Ne4 18. Nxe4 fxe4 19. Qe3 a5 20. h4 e6 21. h5 Qc7
22. h6 Bxe5 23. dxe5 Qf7 24. Rdf1 Kh8 25. f5 Qe7 26. f6 Qf7 27. g5 Qa7 28. Qf4
Qf7 29. Rfg1 Rg8 30. Rh2 Rg6 31. Rhg2 Kg8 32. Qe3 Qa7 33. Qa3 b4 34. Qa4 Qb6
35. Rf1 Kf7 36. a3 Qa6 37. Rd1 Qb7 38. b3 bxa3 39. Qxa3 Qb4 40. Qxb4 axb4 41.
Kb2 c5 42. Ra1 Rxa1 43. Kxa1 d4 44. Kb2 Rg8 45. Kc1 Rd8 46. Rg3 Kg6 47. Kd2 Rd5
48. Rg1 Rxe5 49. Ra1 Rxg5 0-1

[Event "VIII Festival A"]
[Site "Robecchetto con Induno ITA"]
[Date "1996.06.??"]
[Round "5"]
[White "Mantovani, Renzo"]
[Black "Tomasini, Giovanni"]
[Result "1-0"]
[WhiteElo "2365"]
[BlackElo "2011"]
[PlyCount "51"]
[EventDate "1996.06.24"]

1. d4 Nf6 2. Nf3 b6 3. g3 Bb7 4. Bg2 e6 5. O-O c5 6. c4 cxd4 7. Qxd4 Nc6 8. Qf4
h6 9. Nc3 g5 10. Qd2 Na5 11. b3 Bb4 12. Bb2 d5 13. cxd5 Nxd5 14. Qd4 Bxc3 15.
Bxc3 Rg8 16. Rfd1 Nc6 17. Qd3 Qe7 18. Rac1 O-O-O 19. Ne5 Nc7 20. Qc4 Rxd1+ 21.
Rxd1 Nxe5 22. Bxe5 Bxg2 23. Rc1 Bb7 24. Bxc7 Qc5 25. Be5 Bd5 26. Qa6+ 1-0

[Event "VIII Festival A"]
[Site "Robecchetto con Induno ITA"]
[Date "1996.06.??"]
[Round "5"]
[White "Marino, Danilo"]
[Black "Larsen, Bo"]
[Result "1/2-1/2"]
[WhiteElo "1851"]
[BlackElo "1979"]
[PlyCount "80"]
[EventDate "1996.06.24"]

1. e4 c5 2. b4 cxb4 3. a3 d5 4. exd5 Qxd5 5. Nf3 Bg4 6. axb4 Qe4+ 7. Qe2 Bxf3
8. gxf3 Qxb4 9. Na3 Qd6 10. Nb5 Qd7 11. d4 Nf6 12. Bf4 Nd5 13. Qe5 e6 14. Bc4
Nc6 15. Qe4 Bb4+ 16. Kf1 f5 17. Qxe6+ Qxe6 18. Bxd5 Qf6 19. Kg2 Kd7 20. c3 Bd6
21. Nxd6 g5 22. Bxc6+ Kxc6 23. Be5 Qe6 24. c4 Kd7 25. Nxb7 Rhc8 26. Nd6 Rg8 27.
Ra6 g4 28. f4 Qh6 29. Rb1 Qh3+ 30. Kg1 Rgc8 31. Nxc8 Kxc8 32. Rf6 Qd3 33. Rf8+
Kd7 34. Rb7+ Kc6 35. Rc7+ Kb6 36. Rf6+ Ka5 37. Rc5+ Kb4 38. Rb5+ Kxc4 39. Rc5+
Kb3 40. Rc1 Rc8 1/2-1/2

[Event "VIII Festival A"]
[Site "Robecchetto con Induno ITA"]
[Date "1996.06.??"]
[Round "5"]
[White "Montaruli, Roberto"]
[Black "La Torre, Giovanni"]
[Result "1-0"]
[WhiteElo "1612"]
[BlackElo "1854"]
[PlyCount "43"]
[EventDate "1996.06.24"]

1. d4 d5 2. Nc3 c6 3. e4 dxe4 4. Nxe4 e5 5. dxe5 Qxd1+ 6. Kxd1 Be6 7. Nf3 Nd7
8. Bg5 f6 9. exf6 Ndxf6 10. Nxf6+ Nxf6 11. Bd3 O-O-O 12. Ne5 Bc5 13. f4 Bd5 14.
Re1 Rde8 15. Re2 a5 16. c4 Bg8 17. Kc2 Rd8 18. a3 Kc7 19. Rae1 Re8 20. f5 h6
21. Bf4 Nh5 22. Ng6+ 1-0

[Event "VIII Festival A"]
[Site "Robecchetto con Induno ITA"]
[Date "1996.06.??"]
[Round "5"]
[White "Mrdja, Milan"]
[Black "Loncar, Robert"]
[Result "1/2-1/2"]
[WhiteElo "2450"]
[BlackElo "2455"]
[PlyCount "57"]
[EventDate "1996.06.24"]

1. e4 g6 2. d4 c6 3. Nc3 Bg7 4. Nf3 d6 5. h3 Nf6 6. Be2 O-O 7. O-O Nbd7 8. Be3
e5 9. dxe5 dxe5 10. Nd2 Qe7 11. Nc4 Ne8 12. a4 Nc5 13. Nd6 Na6 14. Nxc8 Rxc8
15. Bxa7 Rd8 16. Bd3 Nd6 17. Bb6 Rd7 18. Qc1 f5 19. f3 Nb4 20. Kh2 Nxd3 21.
cxd3 Nc8 22. Bf2 Rxd3 23. Qc2 Rd7 24. a5 Qe6 25. a6 bxa6 26. Rxa6 Qc4 27. Rfa1
Bh6 28. R6a4 Qe6 29. Rd1 1/2-1/2

[Event "VIII Festival A"]
[Site "Robecchetto con Induno ITA"]
[Date "1996.06.??"]
[Round "5"]
[White "Pernisco, Ermanno"]
[Black "Sgnaolin, Davide"]
[Result "1/2-1/2"]
[WhiteElo "2092"]
[BlackElo "1931"]
[PlyCount "131"]
[EventDate "1996.06.24"]

1. d4 d5 2. Nf3 Nf6 3. c4 e6 4. Nc3 c5 5. cxd5 exd5 6. g3 Nc6 7. Bg2 Be7 8. O-O
O-O 9. Bg5 cxd4 10. Nxd4 h6 11. Be3 Re8 12. Rc1 Bf8 13. Nxc6 bxc6 14. Na4 Bd7
15. Bc5 Qc8 16. Bxf8 Kxf8 17. Re1 Bh3 18. Qd4 Bxg2 19. Kxg2 Ne4 20. Nc5 Ng5 21.
Qh4 Qf5 22. h3 Rxe2 23. Rxe2 Qf3+ 24. Kh2 Qxe2 25. Qf4 Qxb2 26. h4 Ne4 27. Nxe4
dxe4 28. Rxc6 Qxa2 29. Rc7 a5 30. Kg2 Qd5 31. Qe3 a4 32. Rc3 Rb8 33. Kh2 Kg8
34. Qa7 Ra8 35. Qe3 Rd8 36. Kg2 Qa8 37. Rc7 a3 38. Ra7 a2 39. Qa3 Qc6 40. Qxa2
e3+ 41. Kh2 Qf3 42. fxe3 Rd1 43. Qg2 Qxg2+ 44. Kxg2 g6 45. Kf2 Kg7 46. Ke2 Rg1
47. Kf2 Rd1 48. Ra6 Rb1 49. Kf3 Rb5 50. e4 Rb3+ 51. Kf4 Rb5 52. Ra7 Rc5 53. Rd7
Rc6 54. g4 Re6 55. Rd5 Re7 56. h5 gxh5 57. Rxh5 Kg6 58. Rd5 Ra7 59. Rd8 f6 60.
Rg8+ Kf7 61. Rh8 Kg7 62. Rb8 Kg6 63. Rb5 Ra1 64. e5 fxe5+ 65. Rxe5 Ra4+ 66. Kg3
1/2-1/2

[Event "VIII Festival A"]
[Site "Robecchetto con Induno ITA"]
[Date "1996.06.??"]
[Round "5"]
[White "Ranieri, Fabrizio"]
[Black "Barlocco, Carlo"]
[Result "1-0"]
[WhiteElo "1924"]
[BlackElo "2170"]
[PlyCount "83"]
[EventDate "1996.06.24"]

1. e4 g6 2. d4 Bg7 3. Nf3 d6 4. Bc4 Nf6 5. Nc3 O-O 6. O-O Nc6 7. a3 Nxe4 8.
Bxf7+ Rxf7 9. Nxe4 e5 10. dxe5 Nxe5 11. Nfg5 Rf8 12. Qd5+ Kh8 13. f4 c6 14. Qb3
d5 15. fxe5 Rxf1+ 16. Kxf1 Qf8+ 17. Nf6 Bxf6 18. exf6 Qxf6+ 19. Qf3 Qe7 20. Qf7
Qxf7+ 21. Nxf7+ Kg7 22. Nd6 Bg4 23. h3 Bd1 24. c3 Rf8+ 25. Ke1 Bc2 26. Be3 b6
27. Kd2 Bb3 28. Bd4+ Kg8 29. Re1 c5 30. Bg1 Rf6 31. Ne8 Rf7 32. Nd6 Rf6 33. Nb5
Bc4 34. Nxa7 Bf1 35. h4 Bxg2 36. Re2 Bh3 37. Rf2 Re6 38. Bh2 Bg4 39. Nb5 Re4
40. Nd6 Re6 41. Nf7 Kg7 42. Be5+ 1-0

[Event "VIII Festival A"]
[Site "Robecchetto con Induno ITA"]
[Date "1996.06.??"]
[Round "5"]
[White "Schreiber, Edwin"]
[Black "Cillo, Angelo"]
[Result "1-0"]
[WhiteElo "1934"]
[BlackElo "1794"]
[PlyCount "118"]
[EventDate "1996.06.24"]

1. e4 e5 2. Nf3 Nc6 3. d4 exd4 4. Nxd4 Qh4 5. Nc3 Bb4 6. Qd3 Nf6 7. Nxc6 bxc6
8. Bd2 Bxc3 9. Bxc3 Nxe4 10. g3 Qe7 11. Be2 Nxc3 12. Qxc3 O-O 13. Kd2 Qg5+ 14.
f4 Qd5+ 15. Qd3 Rb8 16. Qxd5 cxd5 17. b3 c5 18. Bd3 Re8 19. Rhe1 Bb7 20. Bb5
Bc6 21. a4 Kf8 22. Bd3 g6 23. h4 Rxe1 24. Rxe1 Re8 25. Rxe8+ Kxe8 26. g4 d4 27.
c3 dxc3+ 28. Kxc3 Bf3 29. g5 d5 30. b4 c4 31. Bc2 Kd7 32. Kd4 Kd6 33. a5 a6 34.
Ba4 Bg4 35. b5 Bc8 36. b6 Bb7 37. Bc2 Ke6 38. Ba4 f5 39. Bd1 Kd6 40. Bf3 c3 41.
Bd1 Ba8 42. Kxc3 Kc5 43. Be2 d4+ 44. Kb3 Bd5+ 45. Ka3 Bb7 46. Bd3 Kd5 47. Kb4
Bc8 48. Bc2 Kc6 49. Bd3 Kd5 50. Bf1 Ke4 51. b7 Bxb7 52. Bg2+ Ke3 53. Bxb7 d3
54. Kc3 d2 55. Kc2 Kxf4 56. Bxa6 Ke3 57. Bb5 f4 58. a6 f3 59. a7 f2 1-0

[Event "VIII Festival A"]
[Site "Robecchetto con Induno ITA"]
[Date "1996.06.??"]
[Round "5"]
[White "Tortarolo, Massimiliano"]
[Black "Belotti, Bruno"]
[Result "1/2-1/2"]
[WhiteElo "2235"]
[BlackElo "2390"]
[PlyCount "38"]
[EventDate "1996.06.24"]

1. e4 c5 2. Nf3 e6 3. d4 cxd4 4. Nxd4 Nc6 5. Nb5 d6 6. c4 Nf6 7. N1c3 a6 8. Nd4
Qc7 9. Be3 b6 10. Nxc6 Qxc6 11. f3 Bb7 12. Be2 Be7 13. Qd4 Qc5 14. Kf2 Rb8 15.
a3 O-O 16. b4 Qxd4 17. Bxd4 Nd7 18. Rac1 Rfc8 19. Rhd1 Kf8 1/2-1/2

[Event "VIII Festival A"]
[Site "Robecchetto con Induno ITA"]
[Date "1996.06.??"]
[Round "5"]
[White "Valenti, Giuseppe"]
[Black "Nurkic, Sahbaz"]
[Result "0-1"]
[WhiteElo "2210"]
[BlackElo "2365"]
[PlyCount "66"]
[EventDate "1996.06.24"]

1. e4 g6 2. d4 Bg7 3. Nf3 c6 4. h3 d5 5. Nc3 Nf6 6. Bd3 O-O 7. O-O dxe4 8. Nxe4
Nxe4 9. Bxe4 Nd7 10. Re1 Qb6 11. Bd3 e6 12. Bc4 c5 13. d5 exd5 14. Bxd5 Nf6 15.
Bb3 Bf5 16. g4 Rad8 17. Qe2 Rde8 18. Be3 Be6 19. Rad1 Bxb3 20. axb3 Ne4 21. Nd2
Nxd2 22. Qxd2 Rd8 23. Qc1 Qc6 24. Bg5 Rd5 25. c3 f5 26. Rxd5 Qxd5 27. Qd1 Qc6
28. Qd3 fxg4 29. hxg4 h6 30. Qc4+ Kh7 31. Be7 Re8 32. Re6 Qf3 33. Bxc5 b5 0-1

[Event "VIII Festival A"]
[Site "Robecchetto con Induno ITA"]
[Date "1996.06.??"]
[Round "5"]
[White "Vujovic, Milorad"]
[Black "Giordani, Marco"]
[Result "1-0"]
[WhiteElo "2345"]
[BlackElo "1947"]
[PlyCount "63"]
[EventDate "1996.06.24"]

1. c4 Nf6 2. Nc3 b6 3. d4 Bb7 4. d5 e6 5. a3 e5 6. Nf3 d6 7. e4 Nbd7 8. Bd3 g6
9. Bg5 Bg7 10. Qd2 Qe7 11. b4 O-O 12. O-O Rfe8 13. Nb5 Rec8 14. Rfc1 a6 15. Nc3
Qf8 16. h3 Nh5 17. g4 Nhf6 18. Na4 c5 19. dxc6 Bxc6 20. Nc3 h5 21. Nh2 hxg4 22.
hxg4 Nh7 23. Be3 Qd8 24. f3 Bf6 25. Be2 Ndf8 26. Nd5 Bxd5 27. cxd5 Bg5 28. Rxc8
Rxc8 29. Bxa6 Bxe3+ 30. Qxe3 Qh4 31. Bxc8 Ng5 32. Kh1 1-0

[Event "VIII Festival A"]
[Site "Robecchetto con Induno ITA"]
[Date "1996.06.??"]
[Round "6"]
[White "Aglietti, Graziano"]
[Black "Loda', Domenico"]
[Result "1-0"]
[WhiteElo "1755"]
[BlackElo "1632"]
[PlyCount "107"]
[EventDate "1996.06.24"]

1. c4 Nf6 2. Nc3 g6 3. g3 Bg7 4. Bg2 d6 5. d3 c6 6. Nf3 O-O 7. O-O h6 8. Bd2
Na6 9. Rb1 Nc7 10. Qc1 Kh7 11. Rd1 Bd7 12. b4 Rb8 13. a4 e5 14. b5 Ne6 15. Qa3
Qc7 16. Be3 c5 17. Bd2 b6 18. e3 Rfd8 19. a5 Be8 20. Nh4 Bf8 21. Ra1 Ng7 22.
axb6 axb6 23. Qa7 Rd7 24. Qxc7 Rxc7 25. Ra6 Ne6 26. Rda1 Nd8 27. Na4 Nd7 28.
Nc3 Nf6 29. Ra8 Rxa8 30. Rxa8 Be7 31. Ra6 Bd7 32. Rxb6 Bc8 33. Rb8 Nd7 34. b6
Rc6 35. Bxc6 Nxb8 36. Bg2 Ndc6 37. Nd5 Bd8 38. Kf1 Bb7 39. Nc7 Nd7 40. Nb5 Be7
41. d4 Nxb6 42. dxc5 dxc5 43. Bc3 Nxc4 44. Bd5 Nd6 45. Nxd6 Bxd6 46. Bxf7 Ba6+
47. Ke1 Bd3 48. Kd2 c4 49. f3 g5 50. Ng2 Kg7 51. Be8 Nb4 52. f4 gxf4 53. gxf4
Kf6 54. fxe5+ 1-0

[Event "VIII Festival A"]
[Site "Robecchetto con Induno ITA"]
[Date "1996.06.??"]
[Round "6"]
[White "Amarilli, Francesco"]
[Black "Vujovic, Milorad"]
[Result "0-1"]
[WhiteElo "1890"]
[BlackElo "2345"]
[PlyCount "56"]
[EventDate "1996.06.24"]

1. c4 e5 2. g3 Nc6 3. Bg2 d6 4. Nc3 Be6 5. b3 Qd7 6. d3 g6 7. e4 Bg7 8. Nge2
Bh3 9. Bxh3 Qxh3 10. Ng1 Qd7 11. Be3 Nge7 12. Nge2 O-O 13. Qd2 Nd4 14. Bxd4
exd4 15. Nd5 f5 16. O-O fxe4 17. dxe4 Nxd5 18. exd5 d3 19. Nc3 Rf3 20. Rae1
Raf8 21. Re6 Bd4 22. Ne4 Qf7 23. Kg2 Qf5 24. Re7 g5 25. h3 h5 26. Re1 Bxf2 27.
Qb2 Rxg3+ 28. Nxg3 Qf3+ 0-1

[Event "VIII Festival A"]
[Site "Robecchetto con Induno ITA"]
[Date "1996.06.??"]
[Round "6"]
[White "Barlocco, Carlo"]
[Black "Montaruli, Roberto"]
[Result "0-1"]
[WhiteElo "2170"]
[BlackElo "1612"]
[PlyCount "106"]
[EventDate "1996.06.24"]

1. e4 c5 2. Nf3 d6 3. d4 cxd4 4. Nxd4 Nf6 5. Nc3 a6 6. Bg5 Qb6 7. Bxf6 gxf6 8.
Nd5 Qa5+ 9. Qd2 Qxd2+ 10. Kxd2 Kd8 11. Bc4 Nd7 12. Rhd1 e6 13. Nc3 b5 14. Bb3
Bb7 15. f3 h5 16. Ke2 Ke7 17. a4 bxa4 18. Bxa4 Rc8 19. Bxd7 Kxd7 20. Ra5 Bg7
21. h4 Ke7 22. Na4 f5 23. exf5 Bxd4 24. Rxd4 Rxc2+ 25. Ke3 Rxg2 26. f6+ Kxf6
27. Rxd6 Rg3 28. Nc5 Bd5 29. Ne4+ Bxe4 30. Kxe4 Rh3 31. Rdxa6 Rxh4+ 32. f4 Rb8
33. Rf5+ Kg6 34. Rg5+ Kh6 35. Rg2 Rb4+ 36. Ke5 Rhxf4 37. Ra8 Rg4 38. Rh2 Kg7
39. Kd6 h4 40. Ra7 Kf6 41. Kd7 Rbd4+ 42. Kc6 Rgf4 43. Ra8 Rc4+ 44. Kb5 Ke7 45.
Ra7+ Kd6 46. Rd2+ Ke5 47. Re2+ Rce4 48. Rc2 Rf5 49. b4 Kf4+ 50. Ka4 h3 51. Ra8
Rh5 52. Rf2+ Kg3 53. Rxf7 h2 0-1

[Event "VIII Festival A"]
[Site "Robecchetto con Induno ITA"]
[Date "1996.06.??"]
[Round "6"]
[White "Belotti, Bruno"]
[Black "Lanzani, Mario"]
[Result "1-0"]
[WhiteElo "2390"]
[BlackElo "2320"]
[PlyCount "79"]
[EventDate "1996.06.24"]

1. e4 e6 2. d4 d5 3. Nc3 Nf6 4. e5 Nfd7 5. f4 c5 6. Nf3 Nc6 7. Be3 cxd4 8. Nxd4
Bc5 9. Qd2 Nxd4 10. Bxd4 Bxd4 11. Qxd4 Qb6 12. Nb5 Qxd4 13. Nxd4 a6 14. Bd3 O-O
15. Kd2 Nc5 16. g3 Bd7 17. h4 Bb5 18. h5 Rfc8 19. h6 g6 20. g4 Bxd3 21. cxd3
Nd7 22. Nf3 Rc6 23. Rhc1 Rac8 24. Rxc6 Rxc6 25. Rc1 Rxc1 26. Kxc1 f6 27. Kd2 g5
28. Ke3 gxf4+ 29. Kxf4 Kf7 30. exf6 Kxf6 31. d4 Nf8 32. Ne5 Ng6+ 33. Nxg6 Kxg6
34. Ke5 Kf7 35. g5 Kg6 36. Kxe6 Kxg5 37. Kxd5 Kxh6 38. Ke6 Kg7 39. d5 Kf8 40.
Kd7 1-0

[Event "VIII Festival A"]
[Site "Robecchetto con Induno ITA"]
[Date "1996.06.??"]
[Round "6"]
[White "Cillo, Angelo"]
[Black "Quagliarella, Sabino Remo"]
[Result "0-1"]
[WhiteElo "1794"]
[BlackElo "1730"]
[PlyCount "76"]
[EventDate "1996.06.24"]

1. d4 Nf6 2. Nf3 g6 3. c4 Bg7 4. Nc3 O-O 5. e4 d6 6. Be2 c6 7. O-O Bg4 8. Be3
Nbd7 9. h3 Bxf3 10. Bxf3 Qc7 11. Qd2 Rfe8 12. Rab1 a5 13. Rfe1 e5 14. d5 c5 15.
Nb5 Qb8 16. a3 Rc8 17. g4 b6 18. g5 Ne8 19. Bg4 Rd8 20. f4 exf4 21. Bxf4 Ne5
22. Qe2 Nc7 23. a4 Nxb5 24. axb5 Qc7 25. Kg2 Qe7 26. Rbc1 Ra7 27. b3 Rda8 28.
Qe3 a4 29. Bxe5 Bxe5 30. h4 a3 31. b4 a2 32. bxc5 dxc5 33. Ra1 Ra3 34. Qd2 Bxa1
35. d6 Qe5 36. d7 Bd4 37. Ra1 Qxe4+ 38. Kf1 Qxg4 0-1

[Event "VIII Festival A"]
[Site "Robecchetto con Induno ITA"]
[Date "1996.06.??"]
[Round "6"]
[White "Gandolfo, Marco"]
[Black "Griffa, Roberto"]
[Result "1/2-1/2"]
[WhiteElo "1961"]
[BlackElo "1920"]
[PlyCount "53"]
[EventDate "1996.06.24"]

1. g3 d5 2. f4 Bg4 3. Bg2 e6 4. Nf3 Bxf3 5. Bxf3 Nf6 6. O-O Nbd7 7. d4 Bd6 8.
c3 c6 9. Nd2 Qc7 10. e4 dxe4 11. Nxe4 Nxe4 12. Bxe4 Nf6 13. Bg2 g6 14. Be3 O-O
15. Qf3 Rfe8 16. Rfe1 Bf8 17. Bf2 h5 18. Kh1 Bd6 19. Be3 Qa5 20. a3 Qf5 21.
Rad1 h4 22. Bf1 hxg3 23. hxg3 Qh5+ 24. Qxh5 Nxh5 25. Kg2 Kg7 26. Be2 Nf6 27.
Bf3 1/2-1/2

[Event "VIII Festival A"]
[Site "Robecchetto con Induno ITA"]
[Date "1996.06.??"]
[Round "6"]
[White "Giretti Kanev, Jasen"]
[Black "Larghi, Riccardo"]
[Result "1-0"]
[WhiteElo "2220"]
[BlackElo "1740"]
[PlyCount "101"]
[EventDate "1996.06.24"]

1. Nf3 Nf6 2. d4 e6 3. Bg5 c5 4. e4 Qb6 5. Nbd2 Be7 6. e5 Nd5 7. Bxe7 Kxe7 8.
c4 Nf4 9. dxc5 Qxc5 10. a3 a5 11. Ne4 Qc7 12. Qd2 Ng6 13. Nd6 Nc6 14. Qg5+ f6
15. exf6+ gxf6 16. Nb5 Qf4 17. Qxf4 Nxf4 18. g3 Ng6 19. Rd1 b6 20. Bg2 Bb7 21.
Nd6 Rab8 22. h4 Ba8 23. O-O Nge5 24. Nxe5 Nxe5 25. f4 Ng4 26. Bxa8 Rxa8 27. Rf3
a4 28. Rfd3 Ra7 29. Nb5 Rb7 30. Kg2 Nh6 31. Kf3 Nf7 32. Ke3 Rc8 33. Kd4 Rc5 34.
Kc3 d5 35. Rd4 Nh6 36. Re1 dxc4 37. Kb4 Rd7 38. Rde4 e5 39. fxe5 f5 40. Rxc4
Rd2 41. Rxc5 Rxb2+ 42. Kxa4 bxc5 43. Rc1 Rg2 44. Rxc5 Rxg3 45. Rc7+ Kd8 46. e6
Ng8 47. Rd7+ Kc8 48. Nd6+ Kb8 49. e7 Nxe7 50. Rxe7 Rg4+ 51. Ka5 1-0

[Event "VIII Festival A"]
[Site "Robecchetto con Induno ITA"]
[Date "1996.06.??"]
[Round "6"]
[White "La Torre, Giovanni"]
[Black "Guglielmi, Nicolo'"]
[Result "1-0"]
[WhiteElo "1854"]
[BlackElo "1770"]
[PlyCount "120"]
[EventDate "1996.06.24"]

1. Nf3 c5 2. b3 Nc6 3. e3 e5 4. Bb5 Bd6 5. Nc3 Nf6 6. d3 O-O 7. O-O Bc7 8. e4
d6 9. Bxc6 bxc6 10. h3 h6 11. Be3 Be6 12. Ne2 Qd7 13. Ng3 Kh7 14. Nh4 g6 15.
Qd2 Ng8 16. f4 exf4 17. Bxf4 Bd8 18. Nf3 Bf6 19. e5 Bg7 20. Ne4 dxe5 21. Be3 f5
22. Nxc5 Qd5 23. Nxe6 Qxe6 24. Rae1 Rfe8 25. Qf2 Qe7 26. Nd2 Nf6 27. Bc5 Qc7
28. Nc4 Nd7 29. Bd6 Qd8 30. Qf3 Rc8 31. Qg3 Qf6 32. Ba3 Re6 33. Qe3 c5 34. Qf3
Nb6 35. Nxb6 axb6 36. Bb2 Rce8 37. g4 f4 38. Re4 Qh4 39. Bc3 Qd8 40. Rf2 b5 41.
a4 bxa4 42. bxa4 Bf8 43. Kg2 Qd5 44. Rc4 Qd7 45. Re2 Qc7 46. Qd5 Qd6 47. Qxd6
Bxd6 48. Be1 g5 49. Bf2 Rc8 50. Kf3 Kg6 51. Re1 h5 52. Rb1 hxg4+ 53. hxg4 Be7
54. Rb5 Rec6 55. a5 Kf6 56. Ke4 Ke6 57. Rb1 Ra6 58. Be1 Bd6 59. Rb5 Ke7 60. Bc3
Kf6 1-0

[Event "VIII Festival A"]
[Site "Robecchetto con Induno ITA"]
[Date "1996.06.??"]
[Round "6"]
[White "Larsen, Bo"]
[Black "Pernisco, Ermanno"]
[Result "0-1"]
[WhiteElo "1979"]
[BlackElo "2092"]
[PlyCount "58"]
[EventDate "1996.06.24"]

1. e4 c5 2. Nf3 Nc6 3. g3 g6 4. Bg2 Bg7 5. O-O d6 6. c3 e5 7. Na3 Nge7 8. d4
cxd4 9. cxd4 Nxd4 10. Nxd4 exd4 11. Bg5 O-O 12. Nb5 h6 13. Bf4 g5 14. Bxd6 a6
15. Bxe7 Qxe7 16. Na3 Qb4 17. Rb1 Be6 18. Nc2 Qa4 19. b3 Qxa2 20. Nb4 Qa5 21.
Nd3 Rac8 22. f4 Rc3 23. f5 Qb5 24. fxe6 Qxd3 25. Qh5 Rc7 26. Bh3 Qe3+ 27. Rf2
d3 28. exf7+ Rcxf7 29. Be6 Qxf2+ 0-1